000 00999cam a2200337 4500
008 090401t1989 xxu||||| |||| 00| 0 eng d
020 _a0854064257
035 _a(Sirsi) u48970
041 _aeng
050 _a346.41032
090 _aRICS 1989/41 ABCD
110 _aRoyal Institution of Chartered Surveyors
_94900
245 _aCaveat surveyor II: further negligence claims handled by RICS Insurance Services Ltd
260 _aLondon
_bSurveyors Publications
_c1989
300 _aix, 49p. : ill. ; 21cm.
350 _a5.95
650 _aAuctioneering
_96218
650 _aBUILDING DEFECTS
650 _aESTATE AGENCY
650 _aInsurance
_96249
650 _aLAND AGENTS
650 _aLIABILITY
650 _aMORTGAGE VALUATION
650 _aPROFESSIONAL INDEMNITY
650 _aProperty management
_96262
650 _aRENT REVIEWS
650 _aBUILT ENVIRONMENT-BUILDING SURVEYING-STRUCTURAL SURVEYING
650 _aSURVEYORS
942 _n0
948 _c04/03/1997
999 _c92448
_d92448